00273nam a2200109Ia 4500008004100000100001400041245003700055260002200092300001000114500002200124650001700146220216s9999 xx 000 0 und d aJacob Jom 0aFallacies galore as prices slump bRubber Asiac2015 a74-80 aSource Year: 2015 aRubber price